000 00338nam a22001097a 4500
082 _a630
100 _aSingh, Dr. C.B.
_983662
245 _aHandbook of Irrigation and Drainage Systems Management, Operation, and Maintenance
260 _aJaipur
_bAgrotech Press
_c2022
650 _aAgriculture and related technologies
_983663
942 _cBK
999 _c68608
_d68608